Szczegóły MARC21

Życie między budynkami : użytkowanie przestrzeni publicznych /

005 -DATA I CZAS OSTATNIEJ MODYFIKACJI [,]
    • @
    • pole kontrolne
    • 20120417081923.0
020 -Międzynarod. znormalizowany nr książki - ISBN [ , ]
    • a
    • Numer ISBN
    • 9788392861003 Find
040 -Instytucja sporządzająca opis [ , ]
    • a
    • Instytucja, która sporządziła opis (NP)
    • SZCZ U/SA
    • c
    • Instytucja, która sporządziła rekord (NP)
    • SZCZ U/SA
    • d
    • Instytucja, która zmodyfikowała rekord (P)
    • SZCZ U/KP
041 -Język dokumentu [1, ]
    • a
    • Język tekstu (P)
    • polski
    • h
    • Język tekstu oryginalnego i/lub pośredniego (P)
    • angielski
    • h
    • Język tekstu oryginalnego i/lub pośredniego (P)
    • duński
044 -Kraj miejsca wydania [ , ]
    • a
    • Kraj miejsca wydania
    • Polska
942 -Rodzaj dokumentu [ , ]
    • c
    • Rodzaj dokumentu
    • Książka
100 -Hasło główne - nazwa osobowa [1, ]
    • a
    • Nazwa osobowa (NP)
    • Gehl, Jan
    • d
    • Daty biograficzne (NP)
    • (1936- ).
    • 9
    • KHW
    • 40827
245 -Strefa tytułu i oznaczenia odpowiedzialności [1,0]
    • a
    • Tytuł
    • Życie między budynkami : Find
    • b
    • Ciąg dalszy tytułu (NP)
    • użytkowanie przestrzeni publicznych / Find
    • c
    • Pozostałe elementy strefy tytułu i oznaczenia odpowiedzialności (NP)
    • Jan Gehl ; przekł. Marta A. Urbańska.
246 -Wariant tytułu [1, ]
    • a
    • Tytuł (NP)
    • Life between buildings :
    • b
    • Ciąg dalszy tytułu (NP)
    • using public space
    • i
    • Tekst wyświetlany na ekranie monitora (NP)
    • Podst. przekł. :
246 -Wariant tytułu [1, ]
    • a
    • Tytuł (NP)
    • Livet mellem husene :
    • b
    • Ciąg dalszy tytułu (NP)
    • deaktiviteter og udemiljøer
    • i
    • Tekst wyświetlany na ekranie monitora (NP)
    • Tyt. oryg.:
260 -Strefa adresu wydawniczego [ , ]
    • a
    • Miejsce wydania (P)
    • Kraków :
    • b
    • Nazwa wydawcy (P)
    • Wydawnictwo RAM,
    • c
    • Data wydania (P)
    • 2009.
300 -Strefa opisu fizycznego [ , ]
    • a
    • Określenie formy książki i/lub objętość (NP)
    • 199 s. :
    • b
    • Oznaczenie ilustracji (NP)
    • il. ;
    • c
    • Format (NP)
    • 21 cm.
504 -Uwaga dot. bibliogr. załącznikowej [ , ]
    • a
    • Uwaga dot. bibliografii załącznikowej
    • Bibliogr.
080 -Uniwersalna Klasyfikacja Dziesiętna [ , ]
    • 2
    • Identyfikator wydania tablic
    • UDC-P058
    • 9
    • UKD
    • 5998
    • a
    • Symbol klasyfikacji
    • 711.4/.8
    • b
    • Dopowiedzenie
    • Urbanistyka. Planowanie miast. Aglomeracja.
080 -Uniwersalna Klasyfikacja Dziesiętna [ , ]
    • 2
    • Identyfikator wydania tablic
    • UDC-P058
    • 9
    • UKD
    • 2780
    • a
    • Symbol klasyfikacji
    • 316.334.56
    • b
    • Dopowiedzenie
    • Społeczności miejskie. Socjologia miasta.
980 -Symbol UKD [ , ]
    • a
    • UKD
    • 711.4/.8:316.334.56
700 -Hasło dodatkowe - nazwa osobowa [1, ]
    • a
    • Nazwa osobowa (NP)
    • Urbańska, Marta A. Find
    • 9
    • KHW
    • 675924
920 -ISBN [ , ]
    • a
    • ISBN
    • 978-83-928610-0-3 Find
Sygnatura Numer inwentarzowy Status udost. Lokalizacja Data inwentaryzacji
T.11612T.11612-2T2012-03-16